خواتین کیلئے شرعی احکام (Record no. 553849)
[ view plain ]
| 000 -LEADER | |
|---|---|
| fixed length control field | 00354nam a22001217a 4500 |
| 082 ## - DEWEY DECIMAL CLASSIFICATION NUMBER | |
| Classification number | 297.2 |
| Author Mark | ARF |
| -- | M |
| 100 ## - MAIN ENTRY--PERSONAL NAME | |
| Personal name | Arfi, Hazrat Mulana Dr Muhammad Abdul Hai |
| 9 (RLIN) | 51098 |
| 245 ## - TITLE STATEMENT | |
| Title | خواتین کیلئے شرعی احکام |
| 260 ## - PUBLICATION, DISTRIBUTION, ETC. | |
| Place of publication, distribution, etc. | Karachi, |
| Name of publisher, distributor, etc. | Darul Ishat, |
| Date of publication, distribution, etc. | 2000. |
| 300 ## - PHYSICAL DESCRIPTION | |
| Extent | 482p. |
| 526 ## - STUDY PROGRAM INFORMATION NOTE | |
| Program name | 0 |
| Interest level | 0 |
| Reading level | 0 |
| Title point value | 297_200000000000000_ARF |
| 942 ## - ADDED ENTRY ELEMENTS (KOHA) | |
| Source of classification or shelving scheme | |
| Koha item type | Book |
| Withdrawn status | Lost status | Source of classification or shelving scheme | Damaged status | Not for loan | Permanent Location | Current Location | Date acquired | Total Checkouts | Full call number | Barcode | Date last seen | Price effective from | Koha item type |
|---|---|---|---|---|---|---|---|---|---|---|---|---|---|
| Military College of Engineering (MCE) | Military College of Engineering (MCE) | 04/26/2017 | 297.2 ARF | MCE-98M | 04/26/2017 | 04/26/2017 | Book |
